Cleveland Guardians Players - Sudden Death - Statistics

General Stats
  • This quiz has been taken 35 times
    33 since last reset
  • The average score is 16 of 18
Answers on the Grid
Answers color-coded by a green-red scale on the quiz's grid according to % correct below.
Albert Belle
Bob Feller
Carlos Santana
CC Sabathia
Christy Mathewson
Evan Longoria
Francisco Lindor
Grady Sizemore
Howie Kendrick
Jason Kipnis
Jim Thome
Jose Canseco
Jose Ramirez
Jose Ramirez
Juan Soto
Justin Upton
Justin Verlander
Ken Griffey Jr.
Kenny Lofton
Larry Doby
Manny Ramirez
Miguel Cabrera
Mookie Betts
Nap Lajoie
Omar Vizquel
Rajai Davis
Randy Johnson
Shane Bieber
Stan Musial
Todd Frazier
Tris Speaker
Ty Cobb
Vince Coleman
 
Answer Stats
Answer % Correct
Grady Sizemore
100%
Jose Ramirez
100%
Jose Ramirez
100%
Carlos Santana
96%
CC Sabathia
96%
Francisco Lindor
96%
Jim Thome
96%
Albert Belle
92%
Jason Kipnis
92%
Kenny Lofton
92%
Shane Bieber
92%
Bob Feller
88%
Manny Ramirez
88%
Larry Doby
83%
Omar Vizquel
79%
Rajai Davis
79%
Tris Speaker
67%
Nap Lajoie
63%
No matching quizzes found
Score Distribution
Percent of People with Each Score
Percentile by Number Answered
Your Score History
You have not taken this quiz since the last reset